LEADER 01566nam a2200289 i 4500 001 000000077103 003 CaOOAMICUS 005 20250204110937.0 008 010710s2000 it u000 u ita u 020 $a88-85876-47-1 040 $aSeMil$bita 245 00$aChiesa, chierici, sacerdoti :$bclero e seminari in Italia tra 16. e 20. secolo. Siena, Archivio di Stato, Seminario Arcivescovile 21 maggio 1999 /$ca cura di Maurizio Sangalli. 264 1$aRoma :$bHerder,$c2000. 300 $aXVII, 401 p. ;$c25 cm. 490 1 $aItalia sacra : studi e documenti di storia ecclesiastica ;$v64 650 4$aArchivi ecclesiastici - Italia - Seminari.$0(OLS)http://semarc/subject/57080 650 4$aChiesa cattolica - Clero - Italia - Storia - Sec. 16.-20.$0(OLS)http://semarc/subject/57079 650 4$aSeminari - Storia.$0(OLS)http://semarc/subject/1176 700 1 $aSangalli, Maurizio,$d<1968- >.$0(OLS)http://semarc/name/3658 830 0$aItalia sacra :$bstudi e documenti di storia ecclesiastica ;$v64.$0(OLS)http://semarc/title/159 850 $aSeMil 852 $aSeMil$W1$xVenegono$y1$m3TA I 64$j254263$B43255$CSeMilBibl$Z2$F43128 $81 961 $aSottoscrizione: Herder 996 $6020$a88-85876-47-1$9(OLS)http://semarc/number/58537 996 $6245$aChiesa, chierici, sacerdoti :$bclero e seminari in Italia tra 16. e 20. secolo. Siena, Archivio di Stato, Seminario Arcivescovile 21 maggio 1999$9(OLS)http://semarc/title/125143 996 $6264$aRoma :$bHerder$9(OLS)http://semarc/publisher/29637 LEADER 01322nam a2200277 i 4500 001 000000141320 003 CaOOAMICUS 005 20171205000000.0 008 171205s1975 it u000 u ita u 013 $a115735 040 $aSeMil$bita 100 1 $aArns, Paulo Evaristo .$0(OLS)http://semarc/name/93119 240 10$aViver é participar.$0(OLS)http://semarc/title/408563 245 10$aPastorale per una unità di Chiesa e di popolo /$cPaulo Evaristo Arns Cardinale arcivescovo di São Paulo. 260 $aMilano :$bJaca Book,$c1975. 300 $a164 p. ;$c23 cm. 490 0 $aCronache alla prova. Chiesa e società : Serie periodiche ;$v46 650 4$aPastorale - Saggi.$0(OLS)http://semarc/subject/10603 650 4$aPastorale - Teologia - Chiesa.$0(OLS)http://semarc/subject/2947 650 4$aAmerica Latina - Pastorale.$0(OLS)http://semarc/subject/46279 830 0$aCronache alla prova. Chiesa e società. Serie periodiche ;$v46.$0(OLS)http://semarc/title/16822 850 $aSeMil 852 $aSeMil$W1$xVenegono$y1$m3B IV 130$j94564$B94564$CSeMilBibl$Z2$F220435 $81 961 $aOmaggio: Altro 996 $6245$aPastorale per una unità di Chiesa e di popolo$9(OLS)http://semarc/title/408562 996 $6260$aMilano :$bJaca Book$9(OLS)http://semarc/publisher/29781